| 000 | 00491nam a2200121Ia 4500 | ||
|---|---|---|---|
| 008 | 160712s9999 xx 000 0 und d | ||
| 100 | _aLambino III, Antonio . | ||
| 245 |
_cAntonio Lambino III _aThe War Extension Rhetoric: An Analogic Criticism of U.S. Presidential Rhetoric During the Iraq and Philippine-American Wars |
||
| 260 |
_c2011 _bPlaridel |
||
| 300 | _avol. 8 no. 1 | ||
| 650 | _xMASS COMMUNICATION | ||
| 856 | _uhttp://journals.upd.edu.ph/index.php/plaridel/issue/view/256/showToc | ||
| 999 |
_c297629 _d297629 |
||